Effect of ISO 9001 standard on organisational performance (Record no. 510337)

000 -LEADER
fixed length control field 00523nam a2200181 4500
008 - FIXED-LENGTH DATA ELEMENTS--GENERAL INFORMATION
fixed length control field 190812b ||||| |||| 00| 0 eng d
100 ## - MAIN ENTRY--PERSONAL NAME
Personal name Khanai, Suryakumar N.
245 ## - TITLE STATEMENT
Title Effect of ISO 9001 standard on organisational performance
260 ## - PUBLICATION, DISTRIBUTION, ETC. (IMPRINT)
Date of publication, distribution, etc 2019
300 ## - PHYSICAL DESCRIPTION
Extent p.47-56.
650 ## - SUBJECT ADDED ENTRY--TOPICAL TERM
Topical term or geographic name as entry element Organizational performance
9 (RLIN) 8146
650 ## - SUBJECT ADDED ENTRY--TOPICAL TERM
Topical term or geographic name as entry element Standards
9 (RLIN) 8147
650 ## - SUBJECT ADDED ENTRY--TOPICAL TERM
Topical term or geographic name as entry element ISO 9001 standard
9 (RLIN) 8148
700 ## - ADDED ENTRY--PERSONAL NAME
Personal name Bharamanaikar, Shankargouda
9 (RLIN) 8149
773 ## - HOST ITEM ENTRY
Main entry heading Abhigyan
906 ## - LOCAL DATA ELEMENT F, LDF (RLIN)
Subject DIP Organisation
942 ## - ADDED ENTRY ELEMENTS (KOHA)
Source of classification or shelving scheme
Item type Articles
Holdings
Withdrawn status Lost status Source of classification or shelving scheme Damaged status Not for loan Permanent location Current location Date acquired Serial Enumeration / chronology Barcode Date last seen Koha item type
          Indian Institute of Public Administration Indian Institute of Public Administration 2019-08-12 36(4), Jan-Mar, 2019: p.47-56. AR120232 2019-08-12 Articles

Powered by Koha